000 00742nam a2200217 a 4500
001 BRCA_1472
005 20190320203437.0
008 181105s1988----mx-a---###---#000-0#spa-d
020 _a9686320008
050 4 _aGT625
_b.A76 1988
100 1 _aArmella de Aspe, Virginia
_92324
245 1 0 _aLa historia de México a través de la indumentaria
_cVirginia Armella de Aspe, Teresa Castelló Yturbide, Ignacio Borja Martínez.
260 _aMéxico
_bINBURSA
_c1988
300 _a159 p.
_bil. a color
_c31 cm.
500 _aIncluye glosario
504 _aBibliografía: p. 158-159
650 1 4 _aIndumentaria
_xHistoria
_zMéxico
_94813
700 1 _aCastello Yturbide, Teresa
_92444
700 1 _aBorja Martínez, Ignacio
_94814
942 _2lcc
_cB
999 _c1334
_d1334